000
00291nam a22001337a 4500
008
180109b xxu||||| |||| 00| 0 eng d
020
_a
0669130877
041
_a
eng
080
_a
339.138
100
_a
60
101
_a
MAR
245
_a
CHILDREN AS CONSUMERS
_c
NEAL,J,U
942
_2
udc
_c
BK
999
_c
39866
_d
39866